[Event "Foment Martinenc op-B 21st"]
[Site "Barcelona"]
[Date "2019.05.25"]
[Round "5"]
[White "Dominguez Laguna, Didac"]
[Black "Sanchez Valencia, Alberto"]
[Result "0-1"]
[WhiteElo "1387"]
[BlackElo "1654"]
[PlyCount "60"]
[EventDate "2019.04.27"]
[EventType "swiss"]
[EventRounds "9"]
[EventCountry "ESP"]
[SourceTitle "EXT 2020"]
[Source "ChessBase"]
[SourceDate "2019.10.17"]
[SourceVersion "1"]
[SourceVersionDate "2019.10.17"]
[SourceQuality "1"]

1. e4 d5 2. exd5 Nf6 3. Bb5+ Bd7 4. Bxd7+ Qxd7 5. Nc3 Nxd5 6. Qf3 e6 7. Nge2 Nc6 8. Nxd5 exd5 9. Nc3 d4 10. Qe4+ Be7 11. Nd5 f5 12. Qf3 Ne5 13. Qb3 Bd6 14. Qxb7 0-0 15. 0-0 Ng4 16. g3 Rfb8 17. Qa6 Bxg3 18. Qc4 Bxh2+ 19. Kh1 Kh8 20. f3 c6 21. Nb4 Ne5 22. Qc5 Rb5 23. Qxb5 cxb5 24. Kxh2 Qd6 25. c3 Nxf3+ 26. Kg2 Nh4+ 27. Kh3 g5 28. d3 Rg8 29. Rg1 g4+ 30. Kxh4 Qh2# 0-1